000 00869nam a22002531 4500
001 105395
003 ES-MaACL
005 20250727062605.0
007 t|
008 060705s1970 fr ||||0| spa d
080 _a338.98:63
080 _a63:338.98
100 1 _aKautsky, Karl.
_967661
245 1 3 _aLa cuestión agraria
_b: estudio de las tendencias de la agricultura moderna y de la política agraria de la socialdemocracia /
_cKarl Kautsky.
260 _a[Paris] :
_bRuedo Ibérico,
_c[1970]
300 _a501 p. ;
_c22 cm.
490 1 _aBiblioteca de cultura socialista
650 1 4 _aPolítica agraria.
_916285
650 7 _aSocialismo
_2embne
_917147
710 2 _aÉditions Ruedo ibérico.
_9145333
830 1 _aBiblioteca de cultura socialista
_9185023
852 _aES-MaACL
_jAND-191
_z- Biblioteca Juan Andrade.
999 _c105395
_d105395